000 00875cab a2200277 4500
001 ABS52646
008 090401t1995 xxu||||| |||| 00| 0 eng d
035 _a(Sirsi) u88413
041 _aeng
100 _aBlyth, A.
245 _aRecruitment on the increase
260 _c1995
350 _a0
490 _aArchitects` Journal
_v201(15) 13 April 1995, 37-40(4)
520 _aThis is an independent architects` workload survey, which covers the contract value of production drawings, value of new commissions, type of commissions, staffing levels, lottery funded work and sector trends.
650 _aARCHITECTS
650 _aCONSTRUCTION MARKET
650 _aEMPLOYMENT
650 _aFORECASTS
650 _aMILLENNIUM PROJECTS
650 _aSTATISTICS
650 _aWORKLOAD SURVEY
690 _aBUILT ENVIRONMENT
942 _n0
948 _c04/03/1997
999 _c55847
_d55847